Potravinové alergie bakalárska práca

Saved in:
Bibliographic Details
Main Author: Masarovičová, Eliška
Format: Book
Language:Slovak
Published: Bratislava bakalárska práca 2015
Online Access:View in OPAC
Tags: Add Tag
No Tags, Be the first to tag this record!

MARC

LEADER 00000nam a2200000 a 4500
005 20260127134029.0
008 151111 2015 000 0 slo d
035 |a vtls011210557 
039 9 |y 201511111019  |z mschk03 
040 |a STUSCHK1  |b slo  |c STUSCHK1  |e AACR2 
100 1 |a Masarovičová, Eliška 
245 1 |a Potravinové alergie  |b bakalárska práca  |c Eliška Masarovičová 
260 |a Bratislava  |b bakalárska práca  |c 2015 
300 |a 43 s.  |b il.  |c 25 cm 
500 |a Študijný program: výživa, kozmetika a ochrana zdravia 
500 |a Študijný odbor: potravinárstvo 
500 |a Školiace pracovisko: Odd. výživy a hodnotenia potravín 
500 |a Evid. číslo: FCHPT-13046-61529 
910 |a SCHK95 
999 |c 2452  |d 2452